Central Library OPAC University of Rajshahi

Local government in developing countries / (Record no. 5240)

MARC details
000 -LEADER
fixed length control field 00896cam a22002891 4500
001 - CONTROL NUMBER
control field 5240
003 - CONTROL NUMBER IDENTIFIER
rucl marc code BD-RjUL
005 - DATE AND TIME OF LATEST TRANSACTION
control field 20211208234032.0
008 - FIXED-LENGTH DATA ELEMENTS--GENERAL INFORMATION
fixed length control field 131224s1964 nyu b 001 0 eng d
035 ## - SYSTEM CONTROL NUMBER
System control number (BD-RjUL)5276
System control number (OCoLC)504787
040 ## - CATALOGING SOURCE
Original cataloging agency DLC
Transcribing agency ODaWU
Modifying agency OCoLC
-- Uk
-- DLC
-- BD-RjUL
Language of cataloging eng
041 ## - LANGUAGE CODE
Language code of text/sound track or separate title eng
082 00 - DEWEY DECIMAL CLASSIFICATION NUMBER
Classification number 352
Author mark and year ALL 1964
100 1# - MAIN ENTRY--PERSONAL NAME
Personal name Alderfer, Harold F.
Fuller form of name (Harold Freed),
Dates associated with a name 1903-1983.
9 (RLIN) 16476
245 10 - TITLE STATEMENT
Title Local government in developing countries /
Statement of responsibility, etc. by Harold F. Alderfer
260 ## - PUBLICATION, DISTRIBUTION, ETC. (IMPRINT)
Place of publication, distribution, etc. New York :
Name of publisher, distributor, etc. McGraw-Hill,
Date of publication, distribution, etc. 1964.
300 ## - PHYSICAL DESCRIPTION
Pagination ix, 251 p.
Size 24 cm.
490 0# - SERIES STATEMENT
Series statement McGraw-Hill series in international development
504 ## - BIBLIOGRAPHY, ETC. NOTE
Bibliography, etc Includes index.
Bibliography, etc Bibliography: p. 237-241.
650 #0 - SUBJECT ADDED ENTRY--TOPICAL TERM
Topical term or geographic name as entry element Local government.
9 (RLIN) 16477
Topical term or geographic name as entry element Comparative government.
9 (RLIN) 4478
651 #0 - SUBJECT ADDED ENTRY--GEOGRAPHIC NAME
Geographic name Developing countries.
9 (RLIN) 16478
942 ## - ADDED ENTRY ELEMENTS (KOHA)
Source of classification or shelving scheme Dewey Decimal Classification
Koha item type Books
Holdings
Lost status Source of classification or shelving scheme Damaged status Not for loan Collection code Permanent Location Current Location Shelving location Date acquired Source of acquisition Cost, normal purchase price Total Checkouts Full call number Date last seen Copy number Koha item type
  Dewey Decimal Classification     Non-fiction Central Library, University of Rajshahi Central Library, University of Rajshahi   08/12/1970 Swet and Zuitlinger 88.60   352 ALL 1964 24/12/2013 C-6 Books
  Dewey Decimal Classification     Non-fiction Central Library, University of Rajshahi Central Library, University of Rajshahi   23/06/1970 Zeitlinger 88.60   352 ALL 1964 11/08/2016 C-2 Books
  Dewey Decimal Classification     Non-fiction Central Library, University of Rajshahi Central Library, University of Rajshahi   23/06/1970 Zeitlinger 88.60   352 ALL 1964 11/08/2016 C-3 Books
  Dewey Decimal Classification     Non-fiction Central Library, University of Rajshahi Central Library, University of Rajshahi   25/06/1970 Zeitlinger 88.60   352 ALL 1964 23/10/2016 C-4 Books
  Dewey Decimal Classification   Not For Loan Non-fiction Central Library, University of Rajshahi Central Library, University of Rajshahi Reading Room 05/08/1964 Zeithinger 66.00   352 ALL 1964 22/12/2016 C-1 Books